Zmeny v prístupoch k bezpečnosti a ochrane zdravia pri práci v priemyselnej revolúcii 4.0. a 5.0 ako súčasť personálneho manažmentu

Proces bezpečnosti a ochrany zdravia zamestnancov v etape priemyselnej revolúcie 4.0 a 5.0 vyžadujúci strategický prístup a navzájom zdieľané zabezpečovanie u podnikov čeliacim tým istým hrozbám. Základné faktory charakterizujúce priemyselnú revolúciu 5.0 (masívne zavedenia informačno-komunikačných...

Descrizione completa

Salvato in:
Dettagli Bibliografici
Autore principale: Matkovčíková, Natália, 1982-
Natura: Capitolo di libro
Lingua:slovacco
Soggetti:
Tags: Aggiungi Tag
Nessun Tag, puoi essere il primo ad aggiungerne!!

MARC

LEADER 00000naa$a2200000$$$4500
001 0269665
005 20240502074228.0
041 0 |a slo 
044 |a SK 
245 1 0 |a Zmeny v prístupoch k bezpečnosti a ochrane zdravia pri práci v priemyselnej revolúcii 4.0. a 5.0 ako súčasť personálneho manažmentu  |c Natália Matkovčíková 
520 |a Proces bezpečnosti a ochrany zdravia zamestnancov v etape priemyselnej revolúcie 4.0 a 5.0 vyžadujúci strategický prístup a navzájom zdieľané zabezpečovanie u podnikov čeliacim tým istým hrozbám. Základné faktory charakterizujúce priemyselnú revolúciu 5.0 (masívne zavedenia informačno-komunikačných technológií do pracovných procesov, globalizačné procesy, migrácia pracovnej sily, environmentálne a klimatické zmeny). Zmeny v prístupe BOZP pod vplyvom pandémie nového koronavírusu SARS-CoV-2 a infekčného ochorenia COVID-19. Nároky používania informačno-komunikačných a digitálnych technológií na zamestnancov v podnikoch na výskumnej vzorke 157 zamestnancov z náhodne vybratých malých a stredných podnikov pôsobiacich na Slovensku na základe dotazníka. 
610 2 0 |a priemysel 4.0 
610 2 0 |a priemysel 5.0 
610 2 0 |a bezpečnosť práce 
610 2 0 |a ochrana zdravia 
610 2 0 |a technológie informačné 
610 2 0 |a prostredie pracovné 
610 2 0 |a podnik malý 
610 2 0 |a podnik stredný 
610 2 0 |a prieskum 
610 2 0 |a Slovensko 
100 1 |a Matkovčíková, Natália, 1982-